Assessing the Value of U.S. Army International Activities (Record no. 351774)
[ view plain ]
| 000 -LEADER | |
|---|---|
| fixed length control field | 00571nam a2200121Ia 4500 |
| 008 - FIXED-LENGTH DATA ELEMENTS--GENERAL INFORMATION | |
| fixed length control field | 171212s9999 xx 000 0 und d |
| 020 ## - INTERNATIONAL STANDARD BOOK NUMBER | |
| International Standard Book Number | 9780833038036 |
| 100 ## - MAIN ENTRY--PERSONAL NAME | |
| Personal name | Marquis, Jefferson P.;Darilek, Richard E.;Castillo, Jasen J.;Thurston, Cathryn Quantic;Wong, Anny |
| 245 ## - TITLE STATEMENT | |
| Statement of responsibility, etc | Marquis, Jefferson P.;Darilek, Richard E.;Castillo, Jasen J.;Thurston, Cathryn Quantic;Wong, Anny |
| Title | Assessing the Value of U.S. Army International Activities |
| 260 ## - PUBLICATION, DISTRIBUTION, ETC. (IMPRINT) | |
| Name of publisher, distributor, etc | RAND Corporation |
| Date of publication, distribution, etc | 2006 |
| 650 ## - SUBJECT ADDED ENTRY--TOPICAL TERM | |
| Topical term or geographic name as entry element | Management & Organizational Behavior |
| 856 ## - ELECTRONIC LOCATION AND ACCESS | |
| Uniform Resource Identifier | <a href="www.jstor.org/stable/10.7249/mg329a">www.jstor.org/stable/10.7249/mg329a</a> |
| Withdrawn status | Lost status | Damaged status | Home library | Current library | Date acquired | Total Checkouts | Date last seen | Price effective from | Koha item type |
|---|---|---|---|---|---|---|---|---|---|
| College Library | College Library | 12/12/2017 | 12/12/2017 | 12/12/2017 | Curriculum - Based eBooks |